[Event "C.to Europeo U18"]
[Site "Fermo ITA"]
[Date "2009.08.31"]
[Round "1"]
[White "Paichadze, Luka"]
[Black "Nitelea, Alexandru-Barbu"]
[Result "1-0"]
[WhiteElo "2420"]
[BlackElo "2099"]
[PlyCount "63"]
[EventDate "2009.08.31"]

1. e4 c5 2. b3 Nc6 3. Bb2 d5 4. exd5 Qxd5 5. Nc3 Qe5+ 6. Qe2 Qxe2+ 7. Ngxe2 Bf5
8. O-O-O O-O-O 9. f4 h5 10. Ng3 Bg4 11. Re1 h4 12. Nge4 e6 13. Ng5 Nh6 14. Bd3
Nd4 15. Nb5 a6 16. Nxd4 cxd4 17. h3 Bh5 18. f5 Nxf5 19. Bxf5 exf5 20. Rhf1 Bg6
21. Rf4 Bc5 22. Nf3 Rhe8 23. Rxh4 Rxe1+ 24. Nxe1 Re8 25. Kd1 Re4 26. Rh8+ Kc7
27. d3 Re3 28. Nf3 f6 29. Rh4 Be8 30. Rh7 Bc6 31. Rxg7+ Kb8 32. Nxd4 1-0

[Event "C.to Europeo U18"]
[Site "Fermo ITA"]
[Date "2009.08.31"]
[Round "1"]
[White "Pelagalli, Marco"]
[Black "Martin Fuentes, Alberto"]
[Result "0-1"]
[WhiteElo "1836"]
[BlackElo "2244"]
[PlyCount "82"]
[EventDate "2009.08.31"]

1. e4 e6 2. d4 d5 3. exd5 exd5 4. Ne2 Bf5 5. Ng3 Bg6 6. Bf4 Nc6 7. Bb5 Nf6 8.
Nd2 Be7 9. O-O O-O 10. Nf3 Nh5 11. Be3 Nxg3 12. fxg3 Nb4 13. Ba4 b5 14. Bb3 Nc6
15. Bf4 Bf6 16. Qd2 Be4 17. Bg5 Bxf3 18. Bxf6 Qxf6 19. gxf3 Nxd4 20. Bxd5 Rad8
21. Be4 Nxf3+ 22. Rxf3 Qxf3 23. Bxf3 Rxd2 24. Be4 c5 25. a4 Rd4 26. Bc6 Rxa4
27. Rxa4 bxa4 28. Kf2 Rb8 29. Bxa4 Rxb2 30. Ke3 a5 31. Kd3 Kf8 32. Bb3 Ke7 33.
Kc4 Kd6 34. Kb5 f6 35. Kxa5 c4 36. Bxc4 Rxc2 37. Kb4 Rxh2 38. Bf1 Rf2 39. Bd3
Rf3 40. Bxh7 Rxg3 41. Kc4 Ke5 0-1

[Event "C.to Europeo U18"]
[Site "Fermo ITA"]
[Date "2009.08.31"]
[Round "1"]
[White "Platzgummer, Fabian"]
[Black "Albertini, Luca"]
[Result "1-0"]
[WhiteElo "2308"]
[BlackElo "1950"]
[PlyCount "61"]
[EventDate "2009.08.31"]

1. e4 e5 2. Nf3 Nc6 3. d4 exd4 4. Nxd4 Nf6 5. Nxc6 bxc6 6. e5 Qe7 7. Qe2 Nd5 8.
c4 Ba6 9. b3 Qh4 10. a3 Bc5 11. g3 Bxf2+ 12. Qxf2 Qe4+ 13. Kd1 Qxh1 14. Nd2
Nc3+ 15. Kc2 Ne4 16. Nxe4 Qxe4+ 17. Bd3 Qxe5 18. Bb2 Qg5 19. Re1+ Kd8 20. h4
Qa5 21. Bxg7 Rg8 22. Qxf7 Qxe1 23. Qxg8+ Ke7 24. Qxa8 Qf2+ 25. Kc3 Qf7 26. Bd4
c5 27. Qe4+ Kd8 28. Bxc5 d6 29. Bxa7 c5 30. Bb6+ Kd7 31. Qf5+ 1-0

[Event "C.to Europeo U18"]
[Site "Fermo ITA"]
[Date "2009.08.31"]
[Round "1"]
[White "Pomaro, Alberto"]
[Black "Baloire, Endy"]
[Result "1-0"]
[WhiteElo "2284"]
[BlackElo "1895"]
[PlyCount "67"]
[EventDate "2009.08.31"]

1. e4 c6 2. d4 d5 3. e5 c5 4. dxc5 Nc6 5. Nf3 Bg4 6. Bb5 e6 7. Be3 Nge7 8. c3
Ng6 9. Qa4 Bxf3 10. Bxc6+ Ke7 11. Bxb7 Bxg2 12. c6 f6 13. Rg1 Bh3 14. exf6+
gxf6 15. Nd2 Kf7 16. c7 Qxc7 17. Bxa8 Ne5 18. Qxa7 Qxa7 19. Bxa7 Bd6 20. Bb7
Re8 21. Bd4 Nd3+ 22. Ke2 Nf4+ 23. Kd1 Rb8 24. Ba6 Bf5 25. Nb3 Be4 26. Kd2 e5
27. Be3 Ne6 28. Bd3 Bxd3 29. Kxd3 f5 30. Kc2 f4 31. Bd2 Rc8 32. a4 e4 33. Rae1
Rc4 34. a5 1-0

[Event "C.to Europeo U18"]
[Site "Fermo ITA"]
[Date "2009.08.31"]
[Round "1"]
[White "Prohaszka, Peter"]
[Black "Getz, Nicolai"]
[Result "1-0"]
[WhiteElo "2508"]
[BlackElo "2219"]
[PlyCount "91"]
[EventDate "2009.08.31"]

1. d4 Nf6 2. c4 d6 3. Nf3 Bf5 4. Nc3 g6 5. Nh4 Bd7 6. e4 e5 7. Nf3 exd4 8. Nxd4
Bg7 9. Be2 Nc6 10. Be3 O-O 11. Qd2 a6 12. O-O b5 13. Nxc6 Bxc6 14. f3 Rb8 15.
Rac1 Bd7 16. Bg5 Rb7 17. Nd5 Be6 18. Rfd1 c6 19. Nxf6+ Bxf6 20. Bxf6 Qxf6 21.
b3 d5 22. cxd5 cxd5 23. exd5 Rd7 24. d6 Qe5 25. Bf1 a5 26. Qd4 Qxd4+ 27. Rxd4
Rfd8 28. Rc6 Rb7 29. Ra6 a4 30. bxa4 bxa4 31. Rdxa4 Rb1 32. Ra8 Rxa8 33. Rxa8+
Kg7 34. Kf2 Kf6 35. a4 Ke5 36. Rd8 Rb2+ 37. Kg3 g5 38. d7 Rd2 39. Bb5 f5 40. h3
f4+ 41. Kh2 Kd6 42. Re8 Bxd7 43. Rd8 Kc7 44. Rxd7+ Rxd7 45. Bxd7 Kxd7 46. h4
1-0

[Event "C.to Europeo U18"]
[Site "Fermo ITA"]
[Date "2009.08.31"]
[Round "1"]
[White "Recuero Guerra, David"]
[Black "Lach, Piotr"]
[Result "1-0"]
[WhiteElo "2460"]
[BlackElo "2148"]
[PlyCount "59"]
[EventDate "2009.08.31"]

1. e4 c5 2. Nf3 d6 3. d4 cxd4 4. Nxd4 Nf6 5. f3 a6 6. c4 e6 7. Nc3 Be7 8. Be3
O-O 9. Be2 Qc7 10. O-O Nbd7 11. Qd2 b6 12. Rfc1 Bb7 13. a4 Rac8 14. a5 bxa5 15.
Nb3 a4 16. Nxa4 Nc5 17. Na5 Ba8 18. Nc3 Rb8 19. b4 Ncd7 20. Nb3 Ne5 21. Nd4
Rfe8 22. Rxa6 d5 23. Ncb5 Qc8 24. Rxa8 Rxa8 25. cxd5 Qd8 26. dxe6 fxe6 27. Nc7
Qd6 28. Nxe8 Rxe8 29. b5 Rd8 30. Qa2 1-0

[Event "C.to Europeo U18"]
[Site "Fermo ITA"]
[Date "2009.08.31"]
[Round "1"]
[White "Sabuk, Piotr"]
[Black "Nabaty, Tamir"]
[Result "0-1"]
[WhiteElo "2216"]
[BlackElo "2504"]
[PlyCount "78"]
[EventDate "2009.08.31"]

1. e4 e5 2. Nf3 Nc6 3. Bc4 Nf6 4. d3 Bc5 5. c3 O-O 6. Bb3 d5 7. Nbd2 Be6 8. O-O
h6 9. Re1 Ng4 10. Re2 dxe4 11. Bxe6 exf3 12. Bxg4 fxe2 13. Qxe2 Qh4 14. Bf3
Rad8 15. g3 Qe7 16. b4 Bb6 17. a4 a5 18. b5 Nb8 19. Bxb7 Qd7 20. Ba3 Qxd3 21.
Qxd3 Rxd3 22. Bxf8 Rxd2 23. Be7 Bxf2+ 24. Kh1 Nd7 25. Bf3 Bc5 26. Bd8 Bb6 27.
Be7 f5 28. Rd1 Rxd1+ 29. Bxd1 Kf7 30. Ba3 e4 31. Kg2 Kf6 32. Bb2 g5 33. Bc1 Ke5
34. h4 f4 35. hxg5 hxg5 36. gxf4+ gxf4 37. Bc2 Nf6 38. Bd2 f3+ 39. Kh3 e3 0-1

[Event "C.to Europeo U18"]
[Site "Fermo ITA"]
[Date "2009.08.31"]
[Round "1"]
[White "Sitnic, Adnan"]
[Black "Stankovic, Milos"]
[Result "0-1"]
[WhiteElo "1927"]
[BlackElo "2306"]
[PlyCount "64"]
[EventDate "2009.08.31"]

1. e4 c5 2. Nf3 d6 3. d4 cxd4 4. Nxd4 Nf6 5. Nc3 a6 6. Bg5 e6 7. a4 Be7 8. g3
Nc6 9. Bg2 Bd7 10. O-O O-O 11. Nb3 Qc7 12. h3 Rac8 13. Kh2 Ne5 14. Nd2 Qb6 15.
Ra2 Nc4 16. Nxc4 Rxc4 17. Be3 Qa5 18. Bd2 Qc7 19. a5 e5 20. Be3 Be6 21. Bb6 Qc8
22. Ra4 Rxa4 23. Nxa4 Qc6 24. b3 Nxe4 25. Qe2 f5 26. Re1 Qc8 27. f4 exf4 28.
Bxe4 fxg3+ 29. Kxg3 fxe4 30. Qxe4 Rf6 31. Bd4 d5 32. Nb6 dxe4 0-1

[Event "C.to Europeo U18"]
[Site "Fermo ITA"]
[Date "2009.08.31"]
[Round "1"]
[White "Soors, Stef"]
[Black "Martinovic, Sasa"]
[Result "0-1"]
[WhiteElo "2222"]
[BlackElo "2525"]
[PlyCount "96"]
[EventDate "2009.08.31"]

1. e4 c5 2. c3 Nf6 3. e5 Nd5 4. d4 cxd4 5. Qxd4 e6 6. Nf3 Nc6 7. Qe4 f5 8. Qe2
d6 9. g3 Qc7 10. exd6 Bxd6 11. Bg2 O-O 12. O-O Nb6 13. a4 e5 14. a5 Nd7 15. Ng5
Nf6 16. Na3 Bxa3 17. Rxa3 h6 18. Qc4+ Kh8 19. Nf3 Re8 20. a6 Be6 21. Qh4 Ne4
22. Re1 Kg8 23. Be3 Rad8 24. Qh5 Nf6 25. Qh4 Ng4 26. axb7 Nxe3 27. fxe3 e4 28.
Nd4 Qxb7 29. Rea1 Nxd4 30. cxd4 Qxb2 31. Rxa7 Rc8 32. Qh5 Qb3 33. R7a3 Qc2 34.
Qd1 Qxd1+ 35. Rxd1 Rc2 36. g4 Rb8 37. gxf5 Bxf5 38. d5 Rbb2 39. Bh1 Rxh2 40.
Ra4 Rh4 41. d6 Rg4+ 42. Kf1 Rg3 43. d7 Bh3+ 44. Bg2 Bxg2+ 45. Kg1 Bh3+ 46. Kh1
Bxd7 47. Rxd7 Rxe3 48. Ra1 Ree2 0-1

[Event "C.to Europeo U18"]
[Site "Fermo ITA"]
[Date "2009.08.31"]
[Round "1"]
[White "Sreeves, Clement"]
[Black "Valsecchi, Alessio"]
[Result "1-0"]
[WhiteElo "2011"]
[BlackElo "2372"]
[PlyCount "77"]
[EventDate "2009.08.31"]

1. e4 c5 2. Nf3 Nc6 3. Nc3 g6 4. d4 cxd4 5. Nxd4 Bg7 6. Be3 Nf6 7. Bc4 d6 8. f3
O-O 9. Qd2 Nd7 10. Bb3 Nb6 11. Nd5 Nxd5 12. Bxd5 Bd7 13. O-O-O a5 14. a3 Rc8
15. Kb1 e6 16. Ba2 Ne5 17. Ne2 Qc7 18. Nc3 b5 19. Qxd6 Qb7 20. Qb6 Qa8 21. Qa7
b4 22. Qxa8 Rxa8 23. axb4 axb4 24. Ne2 Ra6 25. Bd4 Rfa8 26. Nc1 Bb5 27. c3 bxc3
28. Bxc3 Nd3 29. Bxg7 Nxc1 30. Kxc1 Rxa2 31. Bf6 Ba4 32. Rde1 Rc8+ 33. Kd2 Rc2+
34. Ke3 Bb5 35. Ra1 Rxa1 36. Rxa1 Kf8 37. Ra8+ Be8 38. g4 Rxh2 39. Be5 1-0

[Event "C.to Europeo U18"]
[Site "Fermo ITA"]
[Date "2009.08.31"]
[Round "1"]
[White "Swiercz, Dariusz"]
[Black "Nuri, Kambez"]
[Result "0-1"]
[WhiteElo "2492"]
[BlackElo "2198"]
[PlyCount "92"]
[EventDate "2009.08.31"]

1. d4 Nf6 2. c4 c5 3. Nf3 cxd4 4. Nxd4 e5 5. Nb5 d5 6. cxd5 Bc5 7. N5c3 O-O 8.
h3 e4 9. g4 Qe7 10. Bg2 e3 11. fxe3 Bxe3 12. Nd2 Nxd5 13. Nf3 Nxc3 14. bxc3 Rd8
15. Qc2 Nc6 16. Bxe3 Qxe3 17. Qc1 Qc5 18. Ng5 Be6 19. Ne4 Qe5 20. O-O Rac8 21.
Rb1 b6 22. a4 Ne7 23. Rb4 Nd5 24. Rd4 Qxd4+ 25. cxd4 Rxc1 26. Rxc1 Nf4 27. Nc3
Nxg2 28. Kxg2 Rxd4 29. e3 Rc4 30. Kf3 f5 31. gxf5 Bxf5 32. Ke2 Bxh3 33. Kd3 Rc5
34. e4 Bd7 35. Rg1 h5 36. Nd5 Bxa4 37. Kd4 Bc6 38. Ne7+ Kf7 39. Nc8 Bd7 40.
Nd6+ Ke7 41. e5 Bg4 42. Rf1 Ke6 43. Nf7 Rc4+ 44. Kd3 Rc7 45. Ng5+ Kxe5 46. Nf7+
Kd5 0-1

[Event "C.to Europeo U18"]
[Site "Fermo ITA"]
[Date "2009.08.31"]
[Round "1"]
[White "To, Nhat Minh"]
[Black "Piccoli, Vincenzo"]
[Result "1-0"]
[WhiteElo "2366"]
[BlackElo "2007"]
[PlyCount "57"]
[EventDate "2009.08.31"]

1. e4 c5 2. Nf3 d6 3. d4 cxd4 4. Nxd4 Nf6 5. Nc3 a6 6. Be3 e6 7. f3 b5 8. Qd2
Nbd7 9. g4 Nb6 10. a4 b4 11. Na2 a5 12. c3 bxc3 13. Nxc3 Bb7 14. Ndb5 Be7 15.
Qd4 Nc8 16. O-O-O O-O 17. h4 Re8 18. Kb1 Nd7 19. g5 d5 20. exd5 Bc5 21. Qf4
Bxe3 22. Qxe3 exd5 23. Qd4 Ndb6 24. h5 Nd6 25. Nxd6 Qxd6 26. h6 f6 27. hxg7
fxg5 28. Nb5 Qd8 29. Bd3 1-0

[Event "C.to Europeo U18"]
[Site "Fermo ITA"]
[Date "2009.08.31"]
[Round "1"]
[White "Van Cappellen, Jonas"]
[Black "Poetz, Florian"]
[Result "0-1"]
[WhiteElo "2002"]
[BlackElo "2364"]
[PlyCount "152"]
[EventDate "2009.08.31"]

1. e4 c5 2. Nf3 e6 3. d4 cxd4 4. Nxd4 a6 5. Nc3 Qc7 6. Bd3 Nf6 7. O-O Bc5 8.
Nb3 Be7 9. Be3 d6 10. f4 Nbd7 11. Qf3 b6 12. Rae1 Bb7 13. Qh3 g6 14. Kh1 b5 15.
Bd4 e5 16. fxe5 dxe5 17. Bf2 b4 18. Nd1 Nh5 19. Qf3 O-O 20. Be3 Ng7 21. Bh6 a5
22. Nd2 Rad8 23. Ne3 Nc5 24. Nd5 Bxd5 25. exd5 f5 26. Bc4 Kh8 27. Qh3 Ne4 28.
Bb3 Nc5 29. Bc4 Na4 30. Qb3 Nb6 31. Be3 Nd7 32. Bb5 Nf6 33. Bc6 e4 34. c4 bxc3
35. bxc3 Ng4 36. Bf4 Bd6 37. Bxd6 Qxd6 38. g3 Rb8 39. Qc2 Ne5 40. Nb3 Nxc6 41.
dxc6 Qxc6 42. Nxa5 Qc7 43. Nb3 Rbc8 44. Rc1 Qc4 45. Nd2 Qc6 46. Kg1 Ne6 47. c4
Rfd8 48. Rfd1 Qc5+ 49. Kg2 Rd3 50. Nf1 Rxd1 51. Qxd1 Rd8 52. Qe2 Rd3 53. Qb2+
Kg8 54. Qf6 Qd6 55. Kh1 e3 56. Rb1 e2 57. Rb8+ Nf8 58. Rxf8+ Qxf8 59. Qe6+ Qf7
60. Qxe2 Qxc4 61. Qe8+ Kg7 62. Qe7+ Qf7 63. Qe5+ Qf6 64. Qc7+ Kh6 65. Qc1+ Qg5
66. Qc5 Qd8 67. Qc1+ Kg7 68. Ne3 Qa8+ 69. Kg1 Qf3 70. Nf1 Qd5 71. Qc7+ Qd7 72.
Qe5+ Kg8 73. Qb8+ Qd8 74. Qb1 Qd4+ 75. Kg2 Qe4+ 76. Kh3 Rxg3+ 0-1

[Event "C.to Europeo U18"]
[Site "Fermo ITA"]
[Date "2009.08.31"]
[Round "1"]
[White "Vardanian, Haik G."]
[Black "Balokas, Dimitrios"]
[Result "1/2-1/2"]
[WhiteElo "2300"]
[BlackElo "1922"]
[PlyCount "132"]
[EventDate "2009.08.31"]

1. e4 c5 2. Nf3 d6 3. d4 cxd4 4. Nxd4 Nf6 5. f3 a6 6. c4 e5 7. Nc2 Nc6 8. Nc3
Be7 9. Be2 O-O 10. O-O a5 11. Be3 Be6 12. Qd2 Nb4 13. Nxb4 axb4 14. Nb5 Qa5 15.
Rfd1 Rfd8 16. a3 Bd7 17. Qxb4 Qxb4 18. axb4 Rxa1 19. Rxa1 Bxb5 20. cxb5 d5 21.
Bc5 Bxc5+ 22. bxc5 dxe4 23. c6 bxc6 24. bxc6 Kf8 25. Ba6 Ne8 26. fxe4 Ra8 27.
Ra3 Nc7 28. Bc4 Rxa3 29. bxa3 Ke7 30. Kf2 Kd6 31. Bxf7 Kxc6 32. Kf3 Kc5 33. Bg8
h6 34. Kg4 Kd4 35. Kf5 Nb5 36. Bd5 Nxa3 37. Kg6 Nc2 38. Kxg7 Ne3 39. Bb7 h5 40.
g3 Nf1 41. Kg6 Nd2 42. Kxh5 Nxe4 43. Bxe4 Kxe4 44. g4 Kd4 45. g5 e4 46. g6 e3
47. g7 e2 48. g8=Q e1=Q 49. h4 Qe5+ 50. Qg5 Qe8+ 51. Qg6 Qe5+ 52. Kg4 Qe2+ 53.
Kg5 Qe3+ 54. Kh5 Qe5+ 55. Qg5 Qe8+ 56. Kh6 Qh8+ 57. Kg6 Qg8+ 58. Kf5 Qc8+ 59.
Kf4 Qc1+ 60. Kg4 Qc8+ 61. Qf5 Qg8+ 62. Qg5 Qc8+ 63. Kg3 Qc3+ 64. Kh2 Qc2+ 65.
Kh3 Qd3+ 66. Kg4 Qe2+ 1/2-1/2

[Event "C.to Europeo U18"]
[Site "Fermo ITA"]
[Date "2009.08.31"]
[Round "1"]
[White "Yilmaz, Mustafa"]
[Black "Homatidis, Panagiotis"]
[Result "1-0"]
[WhiteElo "2432"]
[BlackElo "2123"]
[PlyCount "63"]
[EventDate "2009.08.31"]

1. e4 c5 2. Nf3 d6 3. d4 cxd4 4. Nxd4 Nf6 5. Nc3 a6 6. Bg5 e6 7. f4 Be7 8. Qf3
Qc7 9. O-O-O Nbd7 10. g4 b5 11. Bxf6 Nxf6 12. g5 Nd7 13. f5 Bxg5+ 14. Kb1 Ne5
15. Qh5 Qd8 16. fxe6 O-O 17. h4 Bf6 18. Bh3 fxe6 19. Bxe6+ Kh8 20. Nd5 g6 21.
Qe2 Nc4 22. Nxf6 Qxf6 23. Bxc4 bxc4 24. Rhf1 Qg7 25. Rxf8+ Qxf8 26. Qxc4 Bg4
27. Rf1 Qe7 28. Nc6 Qxh4 29. Qd4+ Kg8 30. Qxd6 Re8 31. Qf4 Rc8 32. Ne5 1-0

[Event "C.to Europeo U18"]
[Site "Fermo ITA"]
[Date "2009.08.31"]
[Round "1"]
[White "Yilmazyerli, Mert"]
[Black "Zamengo, Bruno"]
[Result "1-0"]
[WhiteElo "2255"]
[BlackElo "1847"]
[PlyCount "59"]
[EventDate "2009.08.31"]

1. e4 e6 2. d4 d5 3. Nd2 Nf6 4. e5 Nfd7 5. Bd3 c5 6. c3 Nc6 7. Ne2 Be7 8. O-O
cxd4 9. cxd4 O-O 10. f4 a5 11. Nf3 Nb4 12. Bb1 a4 13. a3 Nc6 14. g4 Qb6 15. Kg2
Re8 16. Nc3 Qa7 17. Bc2 Nb6 18. f5 exf5 19. gxf5 Bf8 20. Ng5 h6 21. Qh5 Nd8 22.
f6 Be6 23. fxg7 Bxg7 24. Nf3 Nd7 25. Bxh6 Bxh6 26. Qxh6 Nf8 27. Kh1 Ng6 28.
Bxg6 fxg6 29. Qxg6+ Kh8 30. Qxe8+ 1-0

[Event "C.to Europeo U18"]
[Site "Fermo ITA"]
[Date "2009.09.01"]
[Round "2"]
[White "Albertini, Luca"]
[Black "Sabuk, Piotr"]
[Result "0-1"]
[WhiteElo "1950"]
[BlackElo "2216"]
[PlyCount "54"]
[EventDate "2009.08.31"]

1. d4 Nf6 2. c4 g6 3. Nc3 Bg7 4. e4 d6 5. f3 O-O 6. Be3 Na6 7. Qd2 c5 8. Nge2
Qa5 9. d5 Nc7 10. h4 h5 11. Nc1 a6 12. Nb3 Qb6 13. Na4 Qa7 14. Nbxc5 dxc5 15.
Bxc5 Qb8 16. Bxe7 Re8 17. Bxf6 Bxf6 18. d6 Ne6 19. Nb6 Rd8 20. Nxa8 Rxd6 21.
Qb4 Rd8 22. Be2 Qg3+ 23. Kf1 Nf4 24. Rg1 Bd4 25. Qe1 Qh2 26. Qf2 Bxf2 27. Kxf2
Rd2 0-1

[Event "C.to Europeo U18"]
[Site "Fermo ITA"]
[Date "2009.09.01"]
[Round "2"]
[White "Alonso Rosell, Alvar"]
[Black "Gevorgyan, David"]
[Result "1-0"]
[WhiteElo "2461"]
[BlackElo "2274"]
[PlyCount "79"]
[EventDate "2009.08.31"]

1. d4 e6 2. c4 f5 3. Nc3 d5 4. Bf4 Nf6 5. e3 c6 6. Nf3 Be7 7. Qc2 O-O 8. Bd3
Bd7 9. h3 Na6 10. a3 dxc4 11. Bxc4 b5 12. Be2 Nd5 13. Bh2 Rc8 14. O-O Nxc3 15.
bxc3 c5 16. Qa2 cxd4 17. cxd4 Nc7 18. Qb3 Nd5 19. Ne5 Nc3 20. Bf3 a5 21. Bc6
Bxc6 22. Qxe6+ Kh8 23. Nxc6 Qb6 24. Qxe7 Qxc6 25. Be5 Qg6 26. Qb7 Qf7 27. Qb6
Ra8 28. Kh2 Rfc8 29. Rac1 Qd5 30. Rc2 b4 31. axb4 a4 32. Rfc1 a3 33. Rxc3 Rxc3
34. Rxc3 a2 35. Rc1 a1=Q 36. Rxa1 Rxa1 37. Qc7 Qg8 38. b5 Rb1 39. b6 f4 40.
exf4 1-0

[Event "C.to Europeo U18"]
[Site "Fermo ITA"]
[Date "2009.09.01"]
[Round "2"]
[White "Anton, Teodor"]
[Black "Omarsson, Dadi"]
[Result "1-0"]
[WhiteElo "2379"]
[BlackElo "2091"]
[PlyCount "83"]
[EventDate "2009.08.31"]

1. d4 Nf6 2. c4 g6 3. Nf3 Bg7 4. g3 d5 5. cxd5 Nxd5 6. Bg2 Nb6 7. O-O Nc6 8. e3
e5 9. dxe5 Qxd1 10. Rxd1 Nxe5 11. Nxe5 Bxe5 12. Nc3 c6 13. Ne4 Nc4 14. Rb1 Bg4
15. f3 Bf5 16. f4 Nd6 17. Nd2 Bg7 18. e4 Be6 19. e5 Nf5 20. Ne4 Bxa2 21. Ra1
Bd5 22. g4 Bxe4 23. Bxe4 Ne7 24. Be3 f6 25. e6 f5 26. gxf5 Nxf5 27. Bxf5 gxf5
28. Rd7 Bxb2 29. Rb1 Bf6 30. Rbxb7 O-O 31. Rf7 Bc3 32. Rfc7 Rac8 33. Rxh7 a5
34. Bc5 Rfe8 35. Rh6 Rcd8 36. Rg6+ Kh8 37. Rh6+ Kg8 38. Rg6+ Kh8 39. Rd7 Ra8
40. Rd3 Kh7 41. Rg5 Bg7 42. Rd7 1-0

[Event "C.to Europeo U18"]
[Site "Fermo ITA"]
[Date "2009.09.01"]
[Round "2"]
[White "Attuati, Stefano"]
[Black "Holvason, Juri"]
[Result "0-1"]
[WhiteElo "1776"]
[BlackElo "2118"]
[PlyCount "96"]
[EventDate "2009.08.31"]

1. e4 c5 2. Nf3 Nc6 3. d4 cxd4 4. Nxd4 Nf6 5. Nc3 e5 6. Ndb5 d6 7. a4 a6 8. Na3
Bg4 9. f3 Be6 10. Bc4 Nb4 11. Bg5 Be7 12. Bxf6 Bxf6 13. O-O Rc8 14. Nd5 Nxd5
15. Bxd5 Qb6+ 16. Kh1 O-O 17. Qd3 Rfd8 18. Rfb1 Bg5 19. b4 Bf4 20. g3 Bg5 21.
Kg2 g6 22. b5 Qa5 23. Nc4 Qc7 24. b6 Qc5 25. Na3 Bxd5 26. Qxd5 Qxd5 27. exd5
Rc3 28. Rb3 Rdc8 29. Rab1 R8c5 30. Rxc3 Rxc3 31. Rb3 Rc5 32. Rb4 Bc1 33. Rb3
Bxa3 34. Rxa3 Rxc2+ 35. Kf1 Kf8 36. a5 Rc5 37. Ke2 Rxd5 38. Ke3 Rc5 39. Rd3 Ke7
40. Ra3 f5 41. Kd3 Ke6 42. Ra4 d5 43. Rh4 h5 44. g4 e4+ 45. fxe4 dxe4+ 46. Kd4
Rd5+ 47. Ke3 fxg4 48. Kxe4 Rxa5 0-1

[Event "C.to Europeo U18"]
[Site "Fermo ITA"]
[Date "2009.09.01"]
[Round "2"]
[White "Baloire, Endy"]
[Black "Biryukov, Mikhail"]
[Result "0-1"]
[WhiteElo "1895"]
[BlackElo "2187"]
[PlyCount "154"]
[EventDate "2009.08.31"]

1. d4 Nf6 2. c4 g6 3. f3 d5 4. cxd5 Nxd5 5. e4 Nb6 6. Nc3 Bg7 7. Be3 Nc6 8. Bb5
O-O 9. Nge2 Na5 10. Qc2 a6 11. Bd3 Nc6 12. d5 Nb4 13. Qd2 Nxd3+ 14. Qxd3 c6 15.
Rd1 cxd5 16. exd5 Bf5 17. Ne4 Nd7 18. Qb3 b5 19. Nd4 Bxe4 20. fxe4 Ne5 21. O-O
Ng4 22. h3 Nxe3 23. Qxe3 Qb6 24. b3 Rac8 25. Nf5 Qxe3+ 26. Nxe3 Rc3 27. Rfe1
Rfc8 28. Re2 Rc1 29. Rxc1 Rxc1+ 30. Kf2 Bd4 31. Rd2 Bc5 32. Ke2 f6 33. Nc2 Rg1
34. Kd3 Kf7 35. Nd4 Bxd4 36. Kxd4 Rc1 37. Kd3 Ke8 38. Kd4 Kd7 39. e5 fxe5+ 40.
Kxe5 Re1+ 41. Kf4 Kd6 42. Kg5 Re5+ 43. Kf4 Rxd5 44. Rc2 Kd7 45. Ke4 Rd1 46. Re2
Rd6 47. Rf2 h6 48. Ke3 Ke6 49. Rf8 Kd5 50. Rh8 g5 51. Re8 Re6+ 52. Kd3 Ke5 53.
Ke3 Kf6+ 54. Kf3 Rc6 55. Rf8+ Ke6 56. Rh8 Kd5 57. Ke3 Rc3+ 58. Kd2 Rg3 59. Rxh6
Rxg2+ 60. Kc3 Rxa2 61. Rh5 Rg2 62. h4 Rg3+ 63. Kb4 e5 64. hxg5 e4 65. Rh6 Rxg5
66. Rxa6 Kd4 67. Rd6+ Ke3 68. Rf6 Kd2 69. Rd6+ Ke2 70. Kc3 e3 71. Rf6 Ke1 72.
Kc2 e2 73. b4 Rg4 74. Kc3 Rc4+ 75. Kb3 Kd2 76. Rd6+ Ke3 77. Re6+ Re4 0-1

[Event "C.to Europeo U18"]
[Site "Fermo ITA"]
[Date "2009.09.01"]
[Round "2"]
[White "Balokas, Dimitrios"]
[Black "Pavlidis, Anastasios"]
[Result "1/2-1/2"]
[WhiteElo "1922"]
[BlackElo "2348"]
[PlyCount "55"]
[EventDate "2009.08.31"]

1. d4 Nf6 2. c4 g6 3. Nc3 Bg7 4. e4 O-O 5. Nf3 d6 6. Be2 e5 7. Be3 Ng4 8. Bg5
f6 9. Bh4 g5 10. Bg3 Nh6 11. dxe5 dxe5 12. c5 Be6 13. O-O Nc6 14. Qxd8 Rfxd8
15. Nd5 Rac8 16. Bc4 Kf7 17. Rac1 Na5 18. Be2 g4 19. Ne1 Bxd5 20. exd5 Rxd5 21.
c6 Rd6 22. cxb7 Nxb7 23. f4 e4 24. f5 Rb6 25. Bc4+ Ke7 26. Be6 Rxe6 27. fxe6 c5
28. Nc2 1/2-1/2

[Event "C.to Europeo U18"]
[Site "Fermo ITA"]
[Date "2009.09.01"]
[Round "2"]
[White "Bebel, Arkadiusz"]
[Black "Kopylov, Alexander A."]
[Result "0-1"]
[WhiteElo "2276"]
[BlackElo "2442"]
[PlyCount "74"]
[EventDate "2009.08.31"]

1. e4 e6 2. Nf3 d5 3. Nc3 Nf6 4. e5 Nfd7 5. d4 c5 6. dxc5 Nc6 7. Bf4 Bxc5 8.
Bd3 f6 9. exf6 Qxf6 10. Bg5 Qf7 11. Qe2 h6 12. Nxd5 O-O 13. Nc7 hxg5 14. Nxa8
Qe7 15. Bc4 Rf6 16. h3 b5 17. Bxb5 Bb7 18. Nc7 Nb6 19. Na6 Nd4 20. Nxd4 Bxd4
21. O-O-O Bxg2 22. Rhg1 Bf3 23. Qd3 Bxf2 24. Qd8+ Kf7 25. Qxe7+ Kxe7 26. a4
Bxd1 27. Rxd1 Rf3 28. c4 Rxh3 29. a5 Nc8 30. Rd7+ Kf6 31. Rd8 Be3+ 32. Kc2 Ne7
33. Nb4 g4 34. Rf8+ Kg5 35. Nd3 g3 36. Ne1 Nf5 37. Kd3 Bc5 0-1

[Event "C.to Europeo U18"]
[Site "Fermo ITA"]
[Date "2009.09.01"]
[Round "2"]
[White "Benidze, Davit"]
[Black "Gallucci, Alessio"]
[Result "1/2-1/2"]
[WhiteElo "2437"]
[BlackElo "2240"]
[PlyCount "101"]
[EventDate "2009.08.31"]

1. d4 Nf6 2. c4 e6 3. Nf3 c5 4. g3 cxd4 5. Nxd4 Nc6 6. Bg2 Qb6 7. Nc2 Be7 8.
O-O d5 9. cxd5 Nxd5 10. Bxd5 exd5 11. Nc3 d4 12. Nd5 Qd8 13. Nxe7 Qxe7 14. Nxd4
O-O 15. Nxc6 bxc6 16. Qc2 Bh3 17. Rd1 Rfd8 18. Be3 Rxd1+ 19. Rxd1 Rd8 20. Rxd8+
Qxd8 21. f3 Qa5 22. Qd1 h6 23. a3 a6 24. Kf2 Be6 25. Qd4 Qh5 26. h4 Bd5 27. Bd2
f6 28. Qd3 Qe5 29. Bc3 Qe6 30. e4 Bc4 31. Qd8+ Kh7 32. g4 h5 33. Qd4 hxg4 34.
fxg4 c5 35. Qxc5 Qxe4 36. Qd4 Qe2+ 37. Kg3 Bb5 38. Qf2 Qd3+ 39. Qf3 Qd6+ 40.
Qf4 Qd3+ 41. Qf3 Qd6+ 42. Qf4 Qd3+ 43. Kg2 Qe2+ 44. Kg1 Bd3 45. g5 Be4 46. Qg3
Qd1+ 47. Kf2 Qc2+ 48. Kf1 Qc1+ 49. Kf2 Qc2+ 50. Kg1 Qc1+ 51. Kf2 1/2-1/2

[Event "C.to Europeo U18"]
[Site "Fermo ITA"]
[Date "2009.09.01"]
[Round "2"]
[White "Cabrera Trujillo, Jorge Juan"]
[Black "Setala, Touko"]
[Result "1-0"]
[WhiteElo "2410"]
[BlackElo "1808"]
[PlyCount "87"]
[EventDate "2009.08.31"]

1. e4 c5 2. Nf3 d6 3. d4 cxd4 4. Nxd4 Nf6 5. Nc3 g6 6. Bc4 Bg7 7. O-O O-O 8.
Re1 a6 9. a4 Bd7 10. Nd5 e6 11. Nxf6+ Bxf6 12. c3 Nc6 13. Nb3 Qe7 14. Bf1 e5
15. Nd2 Be6 16. Nc4 Rad8 17. Nb6 Bg7 18. Nd5 Qd7 19. Bc4 Kh8 20. Be3 f5 21.
exf5 Rxf5 22. Nb6 Qe7 23. Bxe6 Qxe6 24. Qd5 Qxd5 25. Nxd5 e4 26. Rad1 Ne5 27.
Bb6 Rdf8 28. Rxe4 Nd7 29. Be3 Nc5 30. Re7 b5 31. axb5 axb5 32. Nc7 Na4 33. Rd2
b4 34. cxb4 Nxb2 35. Rxg7 Kxg7 36. Ne6+ Kf7 37. Nxf8 Nc4 38. Rd4 Nxe3 39. fxe3
Kxf8 40. Rxd6 Rb5 41. Rd4 Ke7 42. Kf2 Ke6 43. Ke2 Ke5 44. Kd3 1-0

[Event "C.to Europeo U18"]
[Site "Fermo ITA"]
[Date "2009.09.01"]
[Round "2"]
[White "Dvornicen, Ivan"]
[Black "De Schampheleire, Glen"]
[Result "0-1"]
[WhiteElo "1859"]
[BlackElo "2156"]
[PlyCount "84"]
[EventDate "2009.08.31"]

1. d4 Nf6 2. Nf3 e6 3. c4 b6 4. g3 Ba6 5. Nbd2 Bb7 6. Bg2 Bb4 7. O-O c5 8. Nb3
cxd4 9. Nbxd4 O-O 10. a3 Be7 11. b3 d6 12. Bb2 a6 13. Ng5 Qc8 14. Bh3 Nbd7 15.
Qc2 Qc5 16. Ngf3 Qh5 17. Bg2 Rac8 18. Qd1 Rfd8 19. e3 e5 20. Nf5 Bf8 21. Nd2
Qxd1 22. Rfxd1 Bxg2 23. Kxg2 Nc5 24. f3 g6 25. Nh4 Bh6 26. f4 Ng4 27. Kf3 Nxh2+
28. Kg2 Ng4 29. Kf3 Nd3 30. Kxg4 Nxb2 31. Rh1 f5+ 32. Kf3 e4+ 33. Ke2 Bg7 34.
Rag1 d5 35. cxd5 Rxd5 36. Rc1 Rdc5 37. Rxc5 Rxc5 38. Ng2 h5 39. Rb1 b5 40. b4
Rd5 41. Ne1 Na4 42. Rc1 Nc3+ 0-1

[Event "C.to Europeo U18"]
[Site "Fermo ITA"]
[Date "2009.09.01"]
[Round "2"]
[White "Garnelis, Julius"]
[Black "Georgescu, Tiberiu-Marian"]
[Result "1-0"]
[WhiteElo "2228"]
[BlackElo "2382"]
[PlyCount "51"]
[EventDate "2009.08.31"]

1. e4 c5 2. Nf3 Nc6 3. d4 cxd4 4. Nxd4 g6 5. Nc3 Bg7 6. Be3 Nf6 7. Bc4 O-O 8.
Bb3 d6 9. f3 Bd7 10. Qd2 Na5 11. O-O-O Rb8 12. g4 b5 13. Bh6 Bxh6 14. Qxh6 b4
15. Nd5 Nxb3+ 16. Nxb3 Nxd5 17. exd5 Ba4 18. Nd4 Qa5 19. h4 Rfc8 20. Kb1 Bxc2+
21. Nxc2 Rxc2 22. Kxc2 Qxa2 23. Kd3 Rc8 24. Rd2 Qxd5+ 25. Ke2 b3 26. Qe3 1-0